000 00682nam a2200277Ia 4500
005 20260324114929.0
008 008 260324s9999 xx 000 0 eng d
020 _a9780429020902
037 _aEBOOK
040 _aCRL
040 _beng
040 _cCRL
041 _2eng
041 _aeng
084 _qCRL
100 _aOkcan Yasin Saygili
_91052363
245 4 _aThe Introduction to Private Cloud using Oracle Exadata and Oracle Database
260 _bTaylor and Francis
260 _c2020
365 _a
365 _b110
856 _uhttp://www.taylorfrancis.com/books/9780429020902
942 _cEBOOK
999 _c1743201
_d1743201